000
00219nam a22000857a 4500
008
161024b xxu||||| |||| 00| 0 eng d
100
_9
944
_a
Young Learners
245
_a
Cinderella
260
_a
New Delhi
_b
YLP Publications
_c
2011
999
_c
3599
_d
3599